000 00504nam a2200145Ia 4500
008 100122s9999 xx 000 0 und d
082 _b64881
_a81
100 _aदेशपांडे राजलक्ष्मी
245 _aबीज अंकुरे अंकुरे
260 _bचिरानि प्रकाशन
_c2003
300 _a136
630 _aबीज अंकुरे अंकुरे
730 _aबीज अंकुरे अंकुरे
942 _cBOOK
999 _c438231
_d438228